Normal view MARC view
  • Sidgwick, Henry,

Entry Personal Name

Number of records used in: 0

001 - CONTROL NUMBER

  • control field: 192171

003 - CONTROL NUMBER IDENTIFIER

  • control field: KE-NaSUL

005 - DATE AND TIME OF LATEST TRANSACTION

  • control field: 20250825224614.0

008 - FIXED-LENGTH DATA ELEMENTS

  • fixed length control field: 250825|| aca||aabn | a|a d

040 ## - CATALOGING SOURCE

  • Original cataloging agency: KE-NaSUL
  • Transcribing agency: KE-NaSUL

100 ## - HEADING--PERSONAL NAME

  • Personal name: Sidgwick, Henry,
  • Dates associated with a name: 1838-1900

670 ## - SOURCE DATA FOUND

  • Source citation: Work cat.: (KE-NaSUL)145003: Schultz, Bart. 192170, Henry Sidgwick, eye of the universe, 2004.

© Strathmore University Library
Madaraka Estate, Ole Sangale Road | P. O. Box 59857 - 00200 City Square, Nairobi, Kenya
(+254) (0)703 034 000/200/300 | (+254) (0)20-607498